Sports Quiz

Random Sports Quiz

Chelsea Squad 2019 - 2020 Season Quiz Stats

 Plays Quiz not verified by Sporcle

Support Sporcle.
Go Orange.
Score 0/29 Timer 10:00
0 Plays Today
Hint Answer % Correct
GoalkeeperWilly Caballero
100%
DefenderAntonio Rudiger
100%
DefenderAndreas Christensen
100%
DefenderReece James
100%
DefenderKurt Zouma
100%
MidfielderChristian Pulisic
100%
MidfielderMason Mount
100%
GoalkeeperKepa Arrizabalaga
94.7%
DefenderMarcos Alonso
94.7%
DefenderCesar Azpilicueta
94.7%
DefenderFikayo Tomori
94.7%
MidfielderJorginho
94.7%
MidfielderMateo Kovacic
94.7%
ForwardOlivier Giroud
94.7%
Forward Tammy Abraham
94.7%
Hint Answer % Correct
ForwardWillian
94.7%
MidfielderN'Golo Kante
89.5%
MidfielderRoss Barkley
89.5%
ForwardMichy Batshuayi
89.5%
ManagerFrank Lampard
89.5%
DefenderEmerson
84.2%
ForwardPedro
84.2%
MidfielderBilly Gilmour
73.7%
ForwardCallum Hudson - Odoi
73.7%
GoalkeeperJamie Cumming
57.9%
MidfielderRuben Loftus - Cheek
57.9%
DefenderIan Maatsen
36.8%
MidfielderFaustino Anjorin
31.6%
MidfielderLewis Baker
10.5%

You're not logged in!

Compare scores with friends on all Sporcle quizzes.
OR
Log In

From the Vault

All That Is Gold Does Not Glitter

by Foxen

You really should know this poem if you want Frodo to trust you.
Remove Ads.
Support Sporcle.
Get the best of Sporcle when you Go Orange. This ad-free experience offers more features, more stats, and more fun while also helping to support Sporcle. Thank you for becoming a member.

Show Comments

Extras

Created Feb 22, 2020ReportNominate
Tags:2019, 2020, Chelsea, season, Squad

Top Quizzes Today


Score Distribution

Your Account Isn't Verified!

In order to create a playlist on Sporcle, you need to verify the email address you used during registration. Go to your Sporcle Settings to finish the process.

Report this User

Report this user for behavior that violates our Community Guidelines.

Details: